000 00296nam a22001337a 4500
008 171101b xxu||||| |||| 00| 0 eng d
020 _a9781585676293
041 _aeng
080 _a339.9
100 _a59
101 _aGLO
245 _aTHE COLLAPSE OF GLOBALISM
_cSAUL.J.R
942 _2udc
_cBK
999 _c37142
_d37142